| 000 | 00872nam a2200253Ia 4500 | ||
|---|---|---|---|
| 003 | OSt | ||
| 005 | 20221005104204.0 | ||
| 006 | a|||||r|||| 00| 0 | ||
| 007 | ta | ||
| 008 | 221004b |||||||| |||| 00| 0 hin d | ||
| 020 | _c500 | ||
| 024 | _a101839 | ||
| 037 |
_b399, 22/03/2010, Swaraj Prakashan _cTextual |
||
| 040 |
_aCRL _cCRL _bhin |
||
| 041 |
_2hin _ahin |
||
| 082 | _aX:513, 152P7 | ||
| 100 | _aराव, डी. के. | ||
| 245 | 0 | _aआधुनिक विज्ञापन और जनसंपर्क | |
| 246 | _aĀdhunik vijnyāpan aur janasanparka | ||
| 260 |
_aदिल्ली _bनेहा पुस्तक केन्द्र भारत _c2007 |
||
| 300 |
_a243पृ0 _ccm. |
||
| 942 |
_hX:513, 152P7 _cTEXL _2cc |
||
| 999 |
_c1011984 _d1011984 |
||